ბათუმის შოთა რუსთაველის სახელმწიფო უნივერსიტეტის ბიბლიოთეკა

ხელების კვალი (ბიბ.ჩანაწერი № 48827)

000 -LEADER
fixed length control field 00932nam a2200253Ia 4500
001 - CONTROL NUMBER
control field 15729
003 - CONTROL NUMBER IDENTIFIER
control field GE_BSU
008 - FIXED-LENGTH DATA ELEMENTS--GENERAL INFORMATION
fixed length control field 181216s||||||||xx |||||||||||||| ||und||
020 ## - INTERNATIONAL STANDARD BOOK NUMBER
International Standard Book Number 966-522-086-1
040 ## - CATALOGING SOURCE
Transcribing agency GE_BSU
080 ## - UNIVERSAL DECIMAL CLASSIFICATION NUMBER
Universal Decimal Classification number 821.353.1-1
100 ## - MAIN ENTRY--PERSONAL NAME
Personal name ჩილაჩავა, რაულ
245 ## - TITLE STATEMENT
Title ხელების კვალი
245 ## - TITLE STATEMENT
Remainder of title 100 რობაი, 50 მაჯამა
245 ## - TITLE STATEMENT
Statement of responsibility, etc. გრაფიკა პაბლო პიკასოსი ; მხატვრ. რედ. ჟ. პრისიაჟნი
260 ## - PUBLICATION, DISTRIBUTION, ETC.
Place of publication, distribution, etc. კიევი
260 ## - PUBLICATION, DISTRIBUTION, ETC.
Name of publisher, distributor, etc. უკრაინის ეროვნ. უმც. ლიტ. მთ. სპეც. რედაქცია
260 ## - PUBLICATION, DISTRIBUTION, ETC.
Date of publication, distribution, etc. 1999
300 ## - PHYSICAL DESCRIPTION
Extent 64 გვ. : პორტრ. ; 14 სმ.
653 ## - INDEX TERM--UNCONTROLLED
Uncontrolled term 100 რობაი, 50 მაჯამა
653 ## - INDEX TERM--UNCONTROLLED
Uncontrolled term ხელების კვალი
942 ## - ADDED ENTRY ELEMENTS (KOHA)
Koha item type წიგნი
ეგზემპლარები
Withdrawn status Lost status Damaged status Not for loan Date acquired Barcode Date last seen Price effective from Koha item type
        2018-12-17 38665 2018-12-17 2018-12-17 წიგნი